| 000 | 00884cam a22002291 4500 | ||
|---|---|---|---|
| 001 | 000018494 | ||
| 005 | 20260327092236.0 | ||
| 008 | 770516s1964 ve b 000 0 spa | ||
| 040 |
_aDO-SdBNP _cFU-L _dOCoLC _dDLC _dBNPHU |
||
| 082 |
_a346 _bC418p |
||
| 100 | 1 |
_aCertad, Leonardo. _940006 |
|
| 245 | 1 | 3 |
_aLa proteccion posesoria; : _bteoria general en el derecho venezolano. |
| 260 |
_aCaracas, : _bUniversidad Central de Venezuela, _c1964. |
||
| 300 |
_a195 p. ; _c24 cm. |
||
| 490 | 1 |
_aPublicaciones de la Facultad de Derecho. Coleccion Tesis de doctorado ; _vv. 2 |
|
| 504 | _aIncluye referencia bibliográfica p.[185-195.] | ||
| 650 | 0 |
_aPosesión (Derecho) _940007 |
|
| 650 | 4 |
_aDerecho civil _93574 |
|
| 830 | 0 |
_aPublicaciones de la Facultad de Derecho. Coleccion Tesis de doctorado ; _nv. 2 _940008 |
|
| 910 | _aCatalogación por derivada / LC | ||
| 999 |
_a1 _n0000259 _c18014 _d18014 |
||
| 049 | _aBNGR | ||